Velizy 2 - Statistiques

Statistiques générales
  • Ce quiz a été pris 24 fois
  • Le résultat moyen est 28 sur 145
Statistiques - réponses
Réponse % Correct
Fnac
83%
Go sport
78%
H&M
78%
Histoire d'or
78%
Zara
78%
Auchan
72%
Hollister
72%
C&A
67%
Apple store
56%
Boulanger
56%
Printemps
56%
Rougier&plé
56%
Samsung
56%
Mac
50%
UGC cinéma
50%
Adidas
44%
Lacoste
44%
Maison 123
44%
Nature & découverte
44%
Sephora
44%
Abercrombie & fitch
39%
Celio
39%
Courir
39%
Etam
39%
Foot locker
39%
Hema
39%
Jules :o
39%
Maison aida ozé
39%
Maison du monde
39%
Micromania
39%
Orange
39%
Free
33%
Kiko
33%
Levi's
33%
Undiz
33%
Yves rocher
33%
Aigle
28%
Claire's
28%
Jennyfer
28%
Mango
28%
Rituals
28%
Sfr
28%
The body shop
28%
Adopt
22%
Armand thiery
22%
Devred
22%
Du bruit dans la cuisine
22%
Eram
22%
Jd sports
22%
Lush
22%
Naf-naf
22%
Pimkie
22%
Brice
17%
Calzedonia
17%
Caroll
17%
Geox
17%
Kookai
17%
Kusmi tea
17%
La boutique du coiffeur
17%
La chaise longue
17%
L'occitane
17%
Lovisa
17%
Marionnaud
17%
Mauboussin
17%
Minelli
17%
Vert Baudet
17%
Alain afflelou
11%
Body minute
11%
Fabio salsa
11%
Franck provost
11%
Gant
11%
Generale d'optique
11%
Grandoptical
11%
Jott
11%
Krys
11%
La fee maraboutee
11%
Louis pion
11%
Marc orian
11%
Morgan
11%
Pandora
11%
Pharmacie
11%
Raphael le plus beau
11%
Swarovski
11%
Tabac
11%
Agatha
6%
arabian oud
6%
Bocage
6%
Bouygues telecom
6%
Cleor
6%
Coyote
6%
Darjeeling
6%
Devialet
6%
Draeger
6%
Du pareil au même
6%
Esprit
6%
Father & sons
6%
Finsbury
6%
Forestland
6%
Happesmoke
6%
Hubside
6%
Izac
6%
Jacqueline riu
6%
Jeff de bruges
6%
Jimmy fairly
6%
La banque postale
6%
LCL
6%
Les opticiens conseils
6%
Le tanneur
6%
Petit bateau
6%
Plaids cocooning
6%
Promode
6%
Pronails spa
6%
Rives
6%
Sergent major
6%
Timberland
6%
Tresor
6%
Wizzle
6%
5àsec
0%
Atelier de famille
0%
Aubade
0%
Belle & bio
0%
Cabaia
0%
Camille Albane
0%
Christine Laure
0%
Comptesse du barry
0%
Games centers
0%
Grimsby
0%
Guerin
0%
Havaianas
0%
Helvetica
0%
Idkids
0%
Jacadi
0%
Madura
0%
Manege
0%
Mindout
0%
Mister minit
0%
Montre services
0%
Noelie
0%
Prestige retouche
0%
Promovacances
0%
Shift
0%
Sud express
0%
Swatch
0%
The barber company
0%
Zelys paris
0%
Aucun quiz correspondant
Distribution des résultats
% des personnes avec chaque résultat
Percentile par nombre de réponses
Votre historique - résultats
Vous n’avez pas pris ce quiz